Fortnite Skin Quiz #3 - Statistics

General Stats
  • This quiz has been taken 573 times
  • The average score is 9 of 16
Answer Stats
Picture Answer % Correct
Deadpool
95%
Joker
92%
Kratos
86%
Zeus
84%
Ascendant Midas
75%
Master Chief
72%
Drift
70%
Boba Fett
63%
Polar Peely
62%
Leviathan
54%
Zuko
42%
Itachi
41%
Cell
39%
Oro
38%
Izuku Midoriya
27%
Zoe Clash
6%
No matching quizzes found
Score Distribution
Percent of People with Each Score
Percentile by Number Answered
Your Score History
You have not taken this quiz